Niños con pataleta, adolescentes desafiantes: cómo manejar los trastornos de conducta en los hijos

Na minha lista:
Detalhes bibliográficos
Autor principal: Céspedes Calderón, Amanda (Author)
Formato: Livro
Idioma:espanhol
Publicado em: Santiago Ediciones B Chile 2009
Edição:5a. ed
Colecção:Vivir Mejor
Assuntos:
Tags: Adicionar Tag
Sem tags, seja o primeiro a adicionar uma tag!

MARC

LEADER 00000nam a2200000 a 4500
001 UCH7857
003 CL-VaPUC
008 091126e20090000CL |||||||||||||||||spa|d
020 |a 9789563040319 
082 0 4 |a 613  |b CES  |2 21 
100 0 |a Céspedes Calderón, Amanda  |e author  |9 544237 
245 1 0 |a Niños con pataleta, adolescentes desafiantes: cómo manejar los trastornos de conducta en los hijos 
250 |a 5a. ed 
300 |a 152 p 
942 |c BK 
945 |d 20091126 00:00:00  |a cmena 
260 |a Santiago  |b Ediciones B Chile  |c 2009 
650 0 |a Trastornos del comportamiento  |9 311363 
650 0 |a Psicología del niño  |9 307305 
650 0 |a Adolescencia  |9 307361 
650 0 |a Desarrollo emocional  |9 313058 
650 7 |a PSICOPATOLOGIA INFANTIL  |2 CL-VaPUC  |9 307474 
583 |a last modification  |c 20091126 00:00:00  |k Rodrigo Vera 
490 0 |a Vivir Mejor 
999 |c 338203  |d 338201 
952 |0 0  |1 0  |4 0  |6 613_000000000000000_CES_2009  |7 0  |8 C  |9 431081  |a BIBCUR  |b BIBCUR  |d 2019-11-22  |i 4561295  |l 1  |o 613 CES 2009  |p 4561295  |r 2025-04-22  |s 2025-03-05  |w 2019-11-22  |y BK  |k CAC